Sports Quiz

Random Sports Quiz
Score 0/31 Timer 05:00
0 Plays Today
Клуб Игрок % Correct
'Вашингтон'Александр Овечкин
96.7%
'Питтсбург'Евгений Малкин
89.2%
'Детройт'Сергей Федоров
88.4%
'Ванкувер'Павел Буре
88.3%
'Тампа-Бэй'Никита Кучеров
79.6%
'Баффало'Александр Могильный
74.6%
'Айлендерс'Алексей Яшин
74.2%
'Оттава'Алексей Яшин
74.2%
'Сент-Луис'Владимир Тарасенко
71.7%
'Даллас'Сергей Зубов
65.2%
'Рейнджерс'Алексей Ковалев
58.3%
'Монреаль'Андрей Марков
57.1%
'Бостон'Сергей Самсонов
49.2%
'Каролина'Сергей Самсонов
49.2%
'Филадельфия'Иван Проворов
44.7%
'Колорадо'Валерий Каменский
42.3%
Клуб Игрок % Correct
'Флорида'Виктор Козлов
38.8%
'Нью-Джерси'Сергей Брылин
38.2%
'Чикаго'Алексей Жамнов
37.9%
'Калгари'Сергей Макаров
35.5%
'Анахайм'Олег Твердовский
28.2%
'Аризона' / 'Финикс'Олег Твердовский
28.2%
'Лос-Анджелес'Александр Фролов
27.4%
'Вегас'Валентин Зыков
26.3%
'Коламбус'Федор Тютин
25.5%
'Торонто'Сергей Березин
20.9%
'Виннипег'Александр Бурмистров
20.2%
'Эдмонтон'Борис Миронов
16.5%
'Сан-Хосе'Александр Королюк
15.3%
'Миннесота'Андрей Зюзин
14%
'Нэшвилл'Виталий Ячменев
13.3%
Remove Ads.
Support Sporcle.
Get the best of Sporcle when you Go Orange. This ad-free experience offers more features, more stats, and more fun while also helping to support Sporcle. Thank you for becoming a member.

You're not logged in!

Compare scores with friends on all Sporcle quizzes.
OR
Log In

Show Comments

Extras

Created Sep 29, 2019ReportNominate

Top Quizzes Today


Score Distribution

Your Account Isn't Verified!

In order to create a playlist on Sporcle, you need to verify the email address you used during registration. Go to your Sporcle Settings to finish the process.

Report this User

Report this user for behavior that violates our Community Guidelines.

Details: